Handbook of hydrology /
Guardado en:
| Otros Autores: | |
|---|---|
| Formato: | Libro |
| Idioma: | English |
| Publicado: |
New York :
McGraw-Hill,
c1993.
|
| Etiquetas: |
Agregar Etiqueta
Sin Etiquetas, Sea el primero en etiquetar este registro!
|
| LEADER | 01866nam a22001575a 4500 | ||
|---|---|---|---|
| 001 | EEA.libagro008263 | ||
| 005 | 20171012100811.0 | ||
| 008 | 130809s1993####nyua##########000#0#eng#d | ||
| 020 | |a 0070397325 | ||
| 082 | 0 | 4 | |a 631.587 |
| 245 | 0 | 0 | |a Handbook of hydrology / |c David R. Maidment, editor in chief. |
| 260 | |a New York : |b McGraw-Hill, |c c1993. | ||
| 300 | |a 1 v. (paginación variada) : |b il. ; |c 24 cm. | ||
| 505 | 0 | |a Part 1. Hydrologic Cycle: Chapter 1. Hydrology -- Chapter 2. Climatology -- Chapter 3. Precipitation -- Chapter 4. Evaporation -- Chapter 5. Infiltration and Soil Water Movement -- Chapter 6. Groundwater Flow -- Chapter 7. Snow and Floating Ice -- Chapter 8. Streamflow -- Chapter 9. Flood Runoff -- Chapter 10. Flow Routing -- Part 2. Hydrologic Transport: Chapter 11. Water Quality -- Chapter 12. Erosion and Sediment Transport -- Chapter 13. Hydrologic Effects of Land Use Change -- Chapter 14. Contaminant Transport in Surface Water -- Chapter 15. Contaminant Transport in Unsaturated Flow -- Chapter 16. Contaminant Transport in Groundwater -- Part 3. Hydrologic Statistics: Chapter 17. Statistical Treatment of Hydrologic Data -- Chapter 18. Frequency Analysis of Extreme Events -- Chapter 19. Analysis and Modelling of Hydrologic Time Series -- Chapter 20. Geostatistics -- Part 4. Hydrologic Technology: Chapter 21. Computer Models for Surface Water -- Chapter 22. Computer Models for Subsurface Water -- Chapter 23. Advances in Hydrologic Computation -- Chapter 24. Remote Sensing -- Chapter 25. Automated Data Acquisition and Transmission -- Chapter 26. Hydrologic Forecasting - Chapter 27. Hydrologic Design for Water Use -- Chapter 28. Hydrologic Design for Urban Drainage and Flood Control -- Chapter 29. Hydrologic Design for Groundwater Pollution Control. | |
| 700 | 1 | |a Maidment, David R. | |
| 859 | |a AR-BbBCA |b BIB. AGRONOMIA |h 631.587 |i M217 |p 2009/5652 | ||
